000 00206 a2200109 4500
020 _a9788434861848
041 _aspa
100 _aUlf Nilson
245 _aEl aprendis del Mago
942 _cBK
952 _71
999 _c24183
_d24183